[Event "DVM U10 2020"]
[Site "Magdeburg GER"]
[Date "2021.08.06"]
[Round "1"]
[White "Khanbekyan, Aram"]
[Black "Barsov, Vladislav"]
[Result "0-1"]
[Termination "normal"]
[Board "16.2"]
[WhiteElo "900"]
[BlackElo "1083"]
[WhiteTeam "Greifswalder SV"]
[BlackTeam "SK Gräfelfing"]
[PlyCount "80"]
[WhiteFideId "34606149"]
[BlackFideId "34613757"]
[EventCountry "GER"]
[EventRounds "7"]
[EventType "team-swiss"]
[EventDate "2021.08.06"]

{[%evp 0,59,20,25,25,23,17,-2,-7,1,6,1,25,-25,43,19,55,48,48,44,44,-11,0,0,33,
104,73,81,119,109,109,76,255,0,139,-40,-76,-88,-90,-221,-183,-340,-181,-183,
-139,-175,-110,-170,-155,-160,-160,-206,-222,-216,-180,-200,-180,-207,-130,
-139,-144,-161]} 1. e4 e5 2. Nf3 Nc6 3. d4 exd4 4. Bc4 Bc5 5. c3 Nf6 6. Bg5 d6
7. cxd4 Bb4+ 8. Nc3 h6 9. Bxf6 Qxf6 10. h3 O-O 11. O-O a6 12. Nd5 Qg6 13. a3
Ba5 14. b4 Bb6 15. Re1 Ba7 16. Nxc7 Rb8 17. Rc1 Bxh3 18. Nh4 Qg5 19. g3 Nxd4
20. Nf3 Nxf3+ 21. Qxf3 Bg4 22. Qd3 Qf6 23. Rf1 b5 24. Bb3 Bh3 25. Kh2 Bxf1 26.
Rxf1 Rfc8 27. Nd5 Qe5 28. f4 Qh5+ 29. Kg2 Kf8 30. Rh1 Qg6 31. Qf3 f5 32. exf5
Qxf5 33. Rh5 Qb1 34. Rh1 Qb2+ 35. Kh3 Qf2 36. Qg4 Rb7 37. Qxc8+ Kf7 38. Qxb7+
Kg6 39. Kg4 Qe2+ 40. Kh4 Qh5# 0-1

[Event "DVM U10 2020"]
[Site "Magdeburg GER"]
[Date "2021.08.06"]
[Round "1"]
[White "Yaroshenko, Vladimir"]
[Black "Küstner, Frieder"]
[Result "1-0"]
[Termination "normal"]
[Board "16.3"]
[WhiteElo "1097"]
[BlackElo "727"]
[WhiteTeam "SK Gräfelfing"]
[BlackTeam "Greifswalder SV"]
[PlyCount "71"]
[WhiteFideId "34695699"]
[EventCountry "GER"]
[EventRounds "7"]
[EventType "team-swiss"]
[EventDate "2021.08.06"]

{[%evp 0,55,25,23,23,17,17,8,25,15,4,2,14,18,39,-21,78,21,41,48,176,179,208,
168,269,43,73,40,150,94,103,87,61,55,55,54,81,-50,-54,-57,-57,-71,-47,-58,5,16,
0,-44,290,98,476,88,533,563,573,576,598,561]} 1. e4 e5 2. Nf3 Nc6 3. Bc4 Bc5 4.
d3 Nf6 5. Bg5 d6 6. Nc3 Bg4 7. h3 Bh5 8. g4 Bg6 9. Nd5 Nd4 10. Nxd4 Bxd4 11. c3
Bc5 12. Qc2 h6 13. Bh4 O-O 14. O-O-O c6 15. Nxf6+ gxf6 16. d4 exd4 17. cxd4 Bb6
18. Qe2 d5 19. exd5 cxd5 20. Bd3 Rc8+ 21. Kb1 Bxd3+ 22. Qxd3 Re8 23. Rhg1 Kf8
24. Qf5 Qc7 25. Bg3 Qc2+ 26. Qxc2 Rxc2 27. Kxc2 Rc8+ 28. Kd3 Bc7 29. Bxc7 Rxc7
30. Rc1 Re7 31. Rge1 Rd7 32. Rc8+ Kg7 33. Ree8 Rd6 34. Rg8+ Kh7 35. Rh8+ Kg7
36. Rcg8# 1-0

[Event "DVM U10 2020"]
[Site "Magdeburg GER"]
[Date "2021.08.06"]
[Round "1"]
[White "Kamleiter, Noah"]
[Black "Burban, Victor"]
[Result "1-0"]
[Termination "normal"]
[Board "17.1"]
[WhiteElo "1476"]
[BlackElo "1272"]
[WhiteTeam "TSV Bindlach Aktionär"]
[BlackTeam "SchachAkademiePaderborn e. V."]
[PlyCount "89"]
[WhiteFideId "16265815"]
[BlackFideId "34609032"]
[EventCountry "GER"]
[EventRounds "7"]
[EventType "team-swiss"]
[EventDate "2021.08.06"]

{[%evp 0,57,17,17,41,40,30,38,22,4,-8,19,15,-11,0,-12,-16,-66,-20,-28,34,33,12,
3,17,6,30,6,31,-5,34,-1,-1,0,-9,-9,30,1,0,-48,-10,-48,24,-82,361,415,375,219,
299,446,424,464,606,594,696,610,610,594,614,620]} 1. e4 e6 2. d4 d5 3. Nd2 c5
4. c3 Nc6 5. Ngf3 Nf6 6. e5 Nd7 7. Bb5 Qb6 8. Bxc6 Qxc6 9. O-O Qb6 10. Re1 Be7
11. c4 cxd4 12. cxd5 exd5 13. Nb3 O-O 14. Nbxd4 Bc5 15. b3 Re8 16. Bb2 Nf8 17.
Qd2 Ne6 18. Nxe6 Bxe6 19. Ng5 Rad8 20. Rac1 d4 21. Qc2 Bb4 22. Qxh7+ Kf8 23.
Red1 Bc5 24. Qh8+ Ke7 25. Qxg7 Rg8 26. Qf6+ Ke8 27. Nxe6 Qxe6 28. Qxe6+ fxe6
29. Rxc5 d3 30. Rc7 Rg4 31. f3 Rb4 32. Ba3 Rb5 33. Re7+ Kf8 34. Rxb7+ Kg8 35.
Rxb5 Kg7 36. Bd6 Rc8 37. Rc5 Rd8 38. Rxd3 Kg6 39. Rd4 Kf5 40. Rcc4 Re8 41. Rf4+
Kg6 42. Rg4+ Kh6 43. Rh4+ Kg6 44. Rcg4+ Kf5 45. Rh5# 1-0

[Event "DVM U10 2020"]
[Site "Magdeburg GER"]
[Date "2021.08.06"]
[Round "1"]
[White "Vesszö, Aaron"]
[Black "Nguyen, Hoang"]
[Result "1-0"]
[Termination "normal"]
[Board "17.2"]
[WhiteElo "951"]
[BlackElo "847"]
[WhiteTeam "SchachAkademiePaderborn e. V."]
[BlackTeam "TSV Bindlach Aktionär"]
[PlyCount "71"]
[WhiteFideId "34619631"]
[EventCountry "GER"]
[EventRounds "7"]
[EventType "team-swiss"]
[EventDate "2021.08.06"]

{[%evp 0,58,17,27,52,29,18,-18,-14,-14,0,-14,0,-24,-24,-30,-34,-73,-74,-45,-5,
-3,-1,-12,36,68,283,271,301,285,327,319,319,223,254,250,287,242,250,255,824,
835,842,849,875,877,1037,1045,1053,1060,1070,1093,1101,1076,1133,1137,1188,
1188,1297,1148,1425]} 1. d4 Nc6 2. Nf3 d5 3. g3 Nf6 4. Bg2 h6 5. O-O Bf5 6. a3
e6 7. e3 Bd6 8. c4 dxc4 9. Qa4 O-O 10. Qxc4 Na5 11. Qa4 b6 12. b4 Qe8 13. Qxe8
Rfxe8 14. bxa5 bxa5 15. Ne5 Rab8 16. Nc3 c5 17. Nc6 Rb3 18. Ne2 Bd3 19. Re1 Rc3
20. Nxc3 cxd4 21. exd4 Bc4 22. Nxa5 Bd5 23. Nxd5 exd5 24. Rxe8+ Nxe8 25. Bxd5
Nf6 26. Bg2 Bc7 27. Nc6 Ng4 28. Nxa7 Bb6 29. Nb5 Nf6 30. d5 Nxd5 31. Bxd5 Bxf2+
32. Kxf2 g5 33. a4 h5 34. a5 h4 35. a6 hxg3+ 36. Kxg3 1-0

[Event "DVM U10 2020"]
[Site "Magdeburg GER"]
[Date "2021.08.06"]
[Round "1"]
[White "Burban, Bogdan"]
[Black "Dotterweich, Jonathan Anton"]
[Result "1-0"]
[Termination "normal"]
[Board "17.4"]
[WhiteElo "794"]
[BlackElo "750"]
[WhiteTeam "SchachAkademiePaderborn e. V."]
[BlackTeam "TSV Bindlach Aktionär"]
[PlyCount "51"]
[WhiteFideId "34609040"]
[EventCountry "GER"]
[EventRounds "7"]
[EventType "team-swiss"]
[EventDate "2021.08.06"]

{[%evp 0,51,18,24,23,-15,25,39,82,101,138,57,62,22,92,85,70,53,80,52,63,51,40,
54,45,40,91,112,109,98,94,76,254,116,149,90,196,161,331,322,345,227,223,188,
188,187,215,211,318,292,29997,29998,29999,-30000]} 1. d4 d5 2. c4 dxc4 3. e3 b5
4. a4 Bd7 5. Nc3 b4 6. Na2 c3 7. bxc3 bxc3 8. Nxc3 Nf6 9. Nf3 e6 10. Be2 Bb4
11. Bd2 O-O 12. O-O Bxc3 13. Bxc3 h6 14. Ne5 Nc6 15. Bf3 Qe8 16. Rc1 a5 17. Bb2
Ra6 18. Ba3 Nxe5 19. dxe5 Bxa4 20. Qd2 Qd7 21. Qxd7 Nxd7 22. Bxf8 Nxf8 23. Rxc7
Nd7 24. Be4 Nxe5 25. Rc8+ Be8 26. Rxe8# 1-0

[Event "DVM U10 2020"]
[Site "Magdeburg GER"]
[Date "2021.08.06"]
[Round "1"]
[White "Mehner, Clara"]
[Black "Nguyen Duc, Tien Dat"]
[Result "1-0"]
[Termination "normal"]
[Board "18.1"]
[WhiteElo "1183"]
[BlackElo "950"]
[WhiteTeam "USG Chemnitz"]
[BlackTeam "SAV Torgelow-Drögeheide 90"]
[PlyCount "65"]
[WhiteFideId "34612165"]
[EventCountry "GER"]
[EventRounds "7"]
[EventType "team-swiss"]
[EventDate "2021.08.06"]

{[%evp 0,40,18,17,17,17,17,6,12,9,89,92,59,62,61,57,63,32,292,302,321,397,427,
408,419,403,1201,1201,1244,1251,1251,1198,1278,1178,1181,1177,1250,1277,1312,
1338,1468,1209,1462]} 1. e4 e5 2. Nf3 Nc6 3. Bc4 Bc5 4. c3 d6 5. d4 exd4 6.
cxd4 Bb6 7. Nc3 Nf6 8. Bg5 Be6 9. d5 Bxd5 10. Nxd5 h6 11. Bxf6 gxf6 12. O-O Qd7
13. Nxf6+ Kd8 14. Nxd7 Kxd7 15. Bxf7 Rhf8 16. Bb3 Rae8 17. Re1 Ba5 18. Re2 Rf4
19. e5 Kc8 20. e6 Kd8 21. Rc1 Ke7 22. Ba4 Rg8 23. Re3 Nb4 24. a3 Nc6 25. Bxc6
bxc6 26. Rxc6 Bb6 27. Re1 Rg6 28. Qd5 Rg5 29. Qd3 Rg7 30. Re2 a6 31. Kf1 Kf6
32. Qc3+ Ke7 33. Qxg7+ 1-0

[Event "DVM U10 2020"]
[Site "Magdeburg GER"]
[Date "2021.08.06"]
[Round "1"]
[White "Wilke, Ronja"]
[Black "Frey, Lino"]
[Result "0-1"]
[Termination "normal"]
[Board "18.2"]
[WhiteElo "862"]
[BlackElo "1119"]
[WhiteTeam "SAV Torgelow-Drögeheide 90"]
[BlackTeam "USG Chemnitz"]
[PlyCount "96"]
[WhiteFideId "16288378"]
[BlackFideId "34693394"]
[EventCountry "GER"]
[EventRounds "7"]
[EventType "team-swiss"]
[EventDate "2021.08.06"]

{[%evp 0,61,21,17,48,-2,42,24,70,55,80,91,84,23,2,-15,-13,-26,27,-29,-31,-59,
-61,-66,-69,-72,-85,-139,-143,-138,-158,-149,-110,-140,-115,-153,-159,-177,
-166,-255,-259,-300,-213,-280,-190,-278,-289,-292,-285,-651,-649,-658,-643,
-666,-675,-685,-536,-539,-537,-544,-545,-1061,-1085,-1075]} 1. e4 c5 2. c3 d6
3. d4 cxd4 4. cxd4 Nf6 5. Nc3 g6 6. e5 dxe5 7. dxe5 Qxd1+ 8. Nxd1 Ng4 9. Nf3
Nc6 10. Be2 Ngxe5 11. Nxe5 Nxe5 12. b3 Bg7 13. O-O Nf3+ 14. Bxf3 Bxa1 15. Re1
e6 16. Ne3 Bg7 17. Nc4 O-O 18. Nd6 Rd8 19. Nxc8 Raxc8 20. Bxb7 Rc7 21. Bf3 Rdc8
22. Bd2 Rc2 23. Rd1 Rd8 24. Ba5 Rxd1+ 25. Bxd1 Rc1 26. Kf1 Rxd1+ 27. Ke2 Rd5
28. Bd2 f5 29. a4 e5 30. Ke3 Bh6+ 31. Ke2 Bxd2 32. g3 f4 33. gxf4 Bxf4 34. b4
Rd4 35. b5 Rxa4 36. Kf3 a6 37. bxa6 Rxa6 38. Kg4 h5+ 39. Kh4 Bxh2 40. Kh3 Ra2
41. Kxh2 Rxf2+ 42. Kg1 Ra2 43. Kf1 g5 44. Ke1 h4 45. Kf1 g4 46. Kg1 h3 47. Kf1
h2 48. Ke1 h1=R# 0-1

[Event "DVM U10 2020"]
[Site "Magdeburg GER"]
[Date "2021.08.06"]
[Round "1"]
[White "Mo, Keyou"]
[Black "Wrage, Julius"]
[Result "1-0"]
[Termination "normal"]
[Board "18.3"]
[WhiteElo "1000"]
[BlackElo "769"]
[WhiteTeam "USG Chemnitz"]
[BlackTeam "SAV Torgelow-Drögeheide 90"]
[PlyCount "69"]
[WhiteFideId "34623582"]
[BlackFideId "34634673"]
[EventCountry "GER"]
[EventRounds "7"]
[EventType "team-swiss"]
[EventDate "2021.08.06"]

{[%evp 0,55,17,17,17,17,17,12,12,3,92,36,35,19,46,36,67,67,70,23,67,19,7,8,29,
19,31,18,26,-82,2,-1,-6,-76,53,-7,24,7,41,-77,19,35,629,656,1027,761,1110,1133,
1142,1150,1168,1137,1473,1339,1555,1621,1817,1939]} 1. e4 e5 2. Nf3 Nc6 3. Bc4
Bc5 4. c3 d6 5. O-O Nf6 6. d3 Bg4 7. h3 Bxf3 8. Qxf3 O-O 9. Be3 Bb6 10. Rd1
Bxe3 11. fxe3 a6 12. d4 b5 13. Bd3 Qd7 14. c4 Rae8 15. cxb5 axb5 16. Nc3 b4 17.
Nb5 Rb8 18. Qe2 Ne7 19. Bc4 c6 20. dxe5 dxe5 21. Rxd7 Ng6 22. Rd6 Nxe4 23. Rxc6
Kh8 24. Qd3 f5 25. Rc7 Ng3 26. e4 fxe4 27. Qxg3 Rf4 28. Nd6 Rb6 29. Nf7+ Kg8
30. Nxe5+ Kf8 31. Nd7+ Ke8 32. Nxb6 Rf6 33. Bb5+ Kd8 34. Rd1+ Rd6 35. Qxd6# 1-0

[Event "DVM U10 2020"]
[Site "Magdeburg GER"]
[Date "2021.08.06"]
[Round "1"]
[White "Grundel-Kawano, Emi"]
[Black "Mantu, Elias Viorel"]
[Result "0-1"]
[Termination "normal"]
[Board "19.3"]
[WhiteElo "832"]
[BlackElo "896"]
[WhiteTeam "USC Magdeburg"]
[BlackTeam "SV Empor Erfurt"]
[PlyCount "76"]
[WhiteFideId "34624775"]
[BlackFideId "34601350"]
[EventCountry "GER"]
[EventRounds "7"]
[EventType "team-swiss"]
[EventDate "2021.08.06"]

{[%evp 0,59,29,15,83,75,83,5,72,-19,-8,1,8,2,0,11,19,9,15,-8,-13,-15,-17,-23,
-23,-53,-54,-53,-43,-82,-90,-98,-33,-153,-130,-108,-54,-206,-167,-164,-148,
-140,-76,-326,-210,-465,-496,-499,-341,-427,-431,-441,-393,-384,-384,-393,-189,
-384,-368,-329,-217,-225]} 1. e4 d6 2. Nf3 Nf6 3. Bc4 g6 4. Ng5 e6 5. Nc3 Bg7
6. d3 O-O 7. O-O Nbd7 8. Nf3 c6 9. Bg5 h6 10. Be3 b5 11. Bb3 a5 12. a4 b4 13.
Ne2 d5 14. e5 Ng4 15. Qd2 Ngxe5 16. Nfd4 c5 17. Nb5 Ba6 18. Nd6 Qb6 19. Nb5
Bxb5 20. axb5 Qxb5 21. Ng3 Ng4 22. h3 Nxe3 23. fxe3 Bxb2 24. Rab1 Be5 25. Rf3
Bxg3 26. Rxg3 a4 27. Ba2 Nb8 28. Qf2 b3 29. cxb3 axb3 30. Bxb3 c4 31. dxc4 dxc4
32. Bc2 Qe5 33. Rf1 g5 34. e4 h5 35. h4 g4 36. Qf6 Qxg3 37. e5 Ra2 38. Bf5
Qxg2# 0-1